| 000 | 00663cam a2200241 4500 | ||
|---|---|---|---|
| 001 | 33706 | ||
| 003 | BD-RjUL | ||
| 005 | 20211209052039.0 | ||
| 008 | 140511s1968 enkafh b 000 0 eng | ||
| 035 | _a(BD-RjUL)33797 | ||
| 040 |
_aDLC _cDLC _dBD-RjUL _beng |
||
| 041 | _aeng | ||
| 082 | 0 | 0 |
_a301.16 _bHAM 1968 |
| 100 | 1 |
_aHancock, Alan, _dactive 1965- _9102342 |
|
| 245 | 1 | 0 |
_aMass communication / _cAlan Hancock. |
| 260 |
_aHarlow : _bLongmans, _cc1968. |
||
| 300 |
_a[6], 96 p. : _billus. ; _c27 cm. |
||
| 504 | _aBibliography: p. 95-96. | ||
| 650 | 0 |
_aMass media _xSocial aspects. _92862 |
|
| 942 |
_2ddc _cBK |
||
| 999 |
_c33706 _d33706 |
||